000 01383nam0a22003131 4500
001 rc\3977417
005 20260407072929.0
021 _aRU
_b[55-6803]
035 _a(NLR Aleph) 008059568
090 _a8994003
_c8994003
100 _a20130415d1955 |||y0rusy50 ca
101 0 _arus
102 _aRU
105 _ay j |||||
200 1 _aПолитическая экономия
_eУчебник
_fАкад. наук СССР. Ин-т экономики
210 _aМосква
_cГосполитиздат
_d1955
215 _a640 с.
_d23
300 _aНа 3-й с. авт.: акад. Островитянов К.В., чл.-кор. Акад. наук СССР Шепилов Д.Т., чл.-кор. Акад. наук СССР Леонтьев Л.А. и др.
606 _aПолитическая экономия
_jУчебники и пособия
_2psbo
701 1 _aШепилов
_bД.Т.
701 1 _7ca
_8rus
_aЛеонтьев
_bЛ. А.
_cд-р экон. наук
_f1901-1974
_gЛев Абрамович
_3RU\NLR\AUTH\770278094
_92650061
701 1 _aОстровитянов
_bК.В.
_gКонстантин Васильевич
712 0 2 _aИнститут экономики
_cМосква
_3RU\NLR\AUTH\882985
_9277114
801 0 _aRU
_bNLR
_gpsbo
801 1 _aRU
_bELAR
_2rusmarc
852 _aNLR
_jЭк14 Г-5/27
942 _cBOOK
980 _aNB